| 000 | 00629nam a22001932 4500 | ||
|---|---|---|---|
| 001 | 0000021352 | ||
| 005 | 20151217155909.0 | ||
| 008 | 120328s xx 000 0 eng d | ||
| 040 |
_aKABU _cKABU |
||
| 110 | 2 |
_aKenya. _bCommission for the Implementation of the Constitution. _@0000182172 |
|
| 245 | 1 | 0 | _aQuarterly report January - March 2011. |
| 250 | _a1st ed. | ||
| 260 |
_aNairobi : _bCommission for the Implementation of the Constitution, _c2011. |
||
| 300 | _av, 40 p. | ||
| 650 | 0 |
_aConstitution _zKenya. _@0000153439 |
|
| 908 | _a120328 | ||
| 950 | _@1 | ||
| 999 |
_c13825 _d13825 |
||